| 000 | 01154cam a22003613a 4500 | ||
|---|---|---|---|
| 001 | 13243725 | ||
| 003 | OSt | ||
| 005 | 20140310184512.0 | ||
| 008 | 020725s2002 nyu j 000 1 eng d | ||
| 010 | _a 2003586120 | ||
| 020 |
_a0439401399 : _c$4.50 |
||
| 035 | _a(OCoLC)ocm50239570 | ||
| 040 |
_aBKL _cBKL _dDLC |
||
| 042 | _alccopycat | ||
| 050 | 0 | 0 |
_aPZ 7 _b.K84 2002 |
| 100 | 1 | _aKorman, Gordon. | |
| 245 | 1 | 4 |
_aThe contest / _cGordon Korman. |
| 260 |
_aNew York, NY : _bScholastic Inc., _c2002. |
||
| 300 |
_a137 p. : _c20 cm. |
||
| 490 | 0 |
_aEverest ; _vbk. 1 |
|
| 521 | _aG4 | ||
| 526 | _c690 | ||
| 650 | 0 |
_aMountaineers _vFiction. _929251 |
|
| 651 | 0 |
_aEverest, Mount (China and Nepal) _vFiction. _929252 |
|
| 655 | 7 |
_aChildren's stories. _2lcsh _93012 |
|
| 655 | 7 |
_aAdventure fiction. _2gsafd _93061 |
|
| 710 | 2 |
_aCopyright Paperback Collection (Library of Congress) _5DLC _9705 |
|
| 856 | 4 | 2 |
_3Publisher description _uhttp://www.loc.gov/catdir/enhancements/fy1115/2003586120-d.html |
| 906 |
_a7 _bcbc _ccopycat _d2 _encip _f20 _gy-genrareb |
||
| 942 |
_2lcc _cBK-SCHOLAS |
||
| 999 |
_c34911 _d34911 |
||